Landscape architect.

Saved in:
Bibliographic Details
Corporate Author: Occupational Index.
Format: Book
Language:English
Published: New York, N.Y. : Occupational Index, Inc., New York University, c1944.
Edition:Rev. 2nd ed.
Series:Occupational abstract ; no. 9
Subjects:
Tags: Add Tag
No Tags, Be the first to tag this record!
LEADER 00578nam a22001817u 4500
001 000000405-7
005 20020606090541.3
008 830127|1944 ||||||| |||| |0||||eng|d
035 0 |a ocm83700775 
245 0 0 |a Landscape architect. 
250 |a Rev. 2nd ed. 
260 0 |a New York, N.Y. :  |b Occupational Index, Inc., New York University,  |c c1944. 
300 |a 1 folded sheet (6 p.) ;  |c 28 x 22 cm. folded to 10 x 22 cm. 
490 0 |a Occupational abstract ;  |v no. 9 
650 0 |a Landscape architecture  |x Vocational guidance. 
710 2 |a Occupational Index. 
988 |a 20020608 
906 |0 MH